000 00461nam a2200169Ia 4500
008 180921t2018 xxu||||| |||| 00| 1 sin d
041 _asin
080 _aX8C31
_bRAT
100 _aRathnayaka, Mahinda
245 _aමූර්තලිංගම් මුදියන්සේ
246 _aMoorthalingam Mudiyanse
260 _bSarasavi
_aNugegoda
_c2018
300 _a455p., 21cm
942 _cBK
999 _c8038
_d8038
003 LK-CoDNM
040 _aLK-CoDNM
_dLK-CoDNM
_eLK-CoDNM